[Event "World Youth & Cadets Rapid Championships"]
[Site "Rhodes, Greece"]
[Date "2022.05.01"]
[Round "5.37"]
[White "Guid, Taja"]
[Black "Karas, Eugenia"]
[Result "0-1"]
[TimeControl "10'/game & 5\"/move"]
[WhiteElo "1481"]
[BlackElo "1578"]

1. e4 {[%clk 00:10:09]} e6 {[%clk 00:10:09]} {[%emt 00:00:01]} 2. d4 {[%clk
00:10:12]} {[%emt 00:00:02]} d5 {[%clk 00:10:13]} {[%emt 00:00:01]} 3. Nd2
{[%clk 00:10:15]} {[%emt 00:00:02]} c5 {[%clk 00:10:17]} {[%emt 00:00:01]} 4.
Ngf3 {[%clk 00:10:19]} {[%emt 00:00:01]} Nc6 {[%clk 00:10:20]} {[%emt
00:00:03]} 5. exd5 {[%clk 00:09:18]} {[%emt 00:01:06]} exd5 {[%clk 00:10:23]}
{[%emt 00:00:02]} 6. dxc5 {[%clk 00:08:41]} {[%emt 00:00:42]} Bxc5 {[%clk
00:10:27]} 7. Nb3 {[%clk 00:08:11]} {[%emt 00:00:36]} Bb6 {[%clk 00:10:18]}
{[%emt 00:00:13]} 8. Be2 {[%clk 00:07:22]} {[%emt 00:00:54]} Nf6 {[%clk
00:10:20]} {[%emt 00:00:03]} 9. O-O {[%clk 00:07:24]} {[%emt 00:00:03]} O-O
{[%clk 00:10:22]} {[%emt 00:00:03]} 10. Bg5 {[%clk 00:07:26]} {[%emt 00:00:03]}
h6 {[%clk 00:09:42]} {[%emt 00:00:45]} 11. Bh4 {[%clk 00:07:09]} {[%emt
00:00:22]} Bf5 {[%clk 00:09:19]} {[%emt 00:00:28]} 12. c3 {[%clk 00:06:49]}
{[%emt 00:00:25]} Be4 {[%clk 00:09:07]} {[%emt 00:00:17]} 13. Re1 {[%clk
00:06:18]} {[%emt 00:00:36]} Qd6 {[%clk 00:08:27]} {[%emt 00:00:43]} 14. Bg3
{[%clk 00:06:06]} {[%emt 00:00:19]} Qd7 {[%clk 00:08:28]} {[%emt 00:00:02]} 15.
Nfd2 {[%clk 00:06:02]} {[%emt 00:00:11]} Rfe8 {[%clk 00:07:52]} {[%emt
00:00:41]} 16. Bf3 {[%clk 00:05:45]} {[%emt 00:00:23]} Qf5 {[%clk 00:06:36]}
{[%emt 00:01:20]} 17. Bxe4 {[%clk 00:05:11]} {[%emt 00:00:39]} Nxe4 {[%clk
00:05:30]} {[%emt 00:01:10]} 18. Nxe4 {[%clk 00:05:09]} {[%emt 00:00:07]} dxe4
{[%clk 00:05:31]} {[%emt 00:00:04]} 19. Qe2 {[%clk 00:05:06]} {[%emt 00:00:09]}
Qe6 {[%clk 00:05:05]} {[%emt 00:00:31]} 20. Bf4 {[%clk 00:04:43]} {[%emt
00:00:28]} f5 {[%clk 00:04:19]} {[%emt 00:00:51]} 21. Be3 {[%clk 00:04:12]}
{[%emt 00:00:36]} Bc7 {[%clk 00:04:13]} {[%emt 00:00:11]} 22. g3 {[%clk
00:03:42]} {[%emt 00:00:35]} Ne5 {[%clk 00:04:09]} {[%emt 00:00:09]} 23. Nd4
{[%clk 00:03:41]} {[%emt 00:00:05]} Qf7 {[%clk 00:03:57]} {[%emt 00:00:16]} 24.
Red1 {[%clk 00:03:26]} {[%emt 00:00:22]} Bb6 {[%clk 00:03:55]} {[%emt
00:00:07]} 25. a4 {[%clk 00:02:22]} {[%emt 00:01:09]} Bxd4 {[%clk 00:03:58]}
{[%emt 00:00:01]} 26. Bxd4 {[%clk 00:02:14]} {[%emt 00:00:13]} Nf3+ {[%clk
00:04:00]} {[%emt 00:00:03]} 27. Kg2 {[%clk 00:02:16]} {[%emt 00:00:03]} Qh5
{[%clk 00:03:35]} {[%emt 00:00:30]} 28. Qc4+ {[%clk 00:02:13]} {[%emt
00:00:09]} Kh8 {[%clk 00:03:29]} {[%emt 00:00:10]} 29. h4 {[%clk 00:01:47]}
{[%emt 00:00:31]} Qg4 {[%clk 00:03:03]} {[%emt 00:00:31]} 30. Rh1 {[%emt
00:01:30]} Nxd4 {[%clk 00:01:44]} 31. Qxd4 {[%clk 00:01:39]} {[%emt 00:00:11]}
Qf3+ {[%clk 00:01:48]} {[%emt 00:00:01]} 32. Kh3 {[%clk 00:01:13]} {[%emt
00:00:31]} e3 {[%clk 00:01:45]} {[%emt 00:00:09]} 33. fxe3 {[%clk 00:00:56]}
{[%emt 00:00:22]} Rxe3 {[%clk 00:01:43]} {[%emt 00:00:06]} 34. Rhg1 {[%clk
00:00:56]} {[%emt 00:00:05]} Re4 {[%clk 00:01:28]} {[%emt 00:00:21]} 35. Qd1
{[%clk 00:00:52]} {[%emt 00:00:09]} Qf2 {[%clk 00:01:05]} {[%emt 00:00:27]} 36.
Rg2 {[%clk 00:00:51]} {[%emt 00:00:06]} Qb6 {[%clk 00:01:01]} {[%emt 00:00:09]}
37. Qc2 {[%clk 00:00:46]} {[%emt 00:00:11]} Qg6 {[%clk 00:00:53]} {[%emt
00:00:12]} 38. Qd1 {[%clk 00:00:41]} {[%emt 00:00:11]} Rae8 {[%clk 00:00:52]}
{[%emt 00:00:05]} 39. Qf3 {[%clk 00:00:40]} {[%emt 00:00:07]} Re3 {[%clk
00:00:46]} {[%emt 00:00:11]} 40. Qxb7 {[%clk 00:00:14]} {[%emt 00:00:30]} Qg4+
{[%clk 00:00:47]} {[%emt 00:00:05]} 41. Kh2 {[%clk 00:00:18]} f4 {[%clk
00:00:45]} {[%emt 00:00:06]} 42. Rag1 {[%clk 00:00:18]} {[%emt 00:00:05]} f3
{[%clk 00:00:41]} {[%emt 00:00:10]} 43. Rf2 {[%clk 00:00:20]} {[%emt 00:00:03]}
Re2 {[%clk 00:00:38]} {[%emt 00:00:08]} 44. Rgf1 {[%clk 00:00:22]} {[%emt
00:00:03]} Rxf2+ {[%clk 00:00:31]} {[%emt 00:00:11]} 45. Rxf2 {[%clk 00:00:27]}
Re2 {[%clk 00:00:26]} {[%emt 00:00:11]} 46. Qxa7 {[%clk 00:00:16]} {[%emt
00:00:15]} Qe4 {[%clk 00:00:25]} {[%emt 00:00:05]} 47. b4 {[%clk 00:00:08]}
{[%emt 00:00:13]} Qd3 {[%clk 00:00:23]} {[%emt 00:00:07]} 48. b5 {[%emt
00:00:08]} Qd2 {[%clk 00:00:21]} {[%emt 00:00:06]} 49. Kg1 {[%clk 00:00:10]}
{[%emt 00:00:02]} Qe1+ {[%clk 00:00:20]} {[%emt 00:00:05]} 50. Rf1 {[%clk
00:00:14]} {[%emt 00:00:02]} Qxg3+ {[%clk 00:00:24]} {[%emt 00:00:01]} 51. Kh1
{[%clk 00:00:18]} {[%emt 00:00:01]} Qg2# {[%clk 00:00:28]} {[%emt 00:00:01]}
0-1

[Event "World Youth & Cadets Rapid Championships"]
[Site "Rhodes, Greece"]
[Date "2022.05.01"]
[Round "5.38"]
[White "Gaszka, Zuzanna"]
[Black "Bendik, Margarita"]
[Result "0-1"]
[TimeControl "10'/game & 5\"/move"]
[WhiteElo "1465"]
[BlackElo "1420"]

1. e4 {[%clk 00:10:07]} {[%emt 00:00:01]} d5 {[%clk 00:08:30]} {[%emt
00:01:40]} 2. exd5 {[%clk 00:10:10]} {[%emt 00:00:03]} Qxd5 {[%clk 00:08:34]} 3.
Nc3 {[%clk 00:10:14]} {[%emt 00:00:02]} Qd6 {[%clk 00:08:38]} {[%emt 00:00:01]}
4. d4 {[%clk 00:10:16]} {[%emt 00:00:02]} Nf6 {[%clk 00:08:42]} {[%emt
00:00:02]} 5. h3 {[%clk 00:09:39]} {[%emt 00:00:41]} c6 {[%clk 00:08:44]}
{[%emt 00:00:03]} 6. Nf3 {[%clk 00:09:42]} {[%emt 00:00:02]} Bf5 {[%clk
00:08:47]} {[%emt 00:00:03]} 7. Bd3 {[%clk 00:09:38]} {[%emt 00:00:09]} Bxd3
{[%clk 00:08:49]} {[%emt 00:00:02]} 8. Qxd3 {[%clk 00:09:41]} {[%emt 00:00:02]}
e6 {[%clk 00:08:54]} 9. Be3 {[%clk 00:09:26]} {[%emt 00:00:20]} Be7 {[%clk
00:08:52]} {[%emt 00:00:07]} 10. O-O {[%clk 00:08:39]} {[%emt 00:00:52]} O-O
{[%clk 00:08:55]} {[%emt 00:00:02]} 11. Rad1 {[%clk 00:08:35]} {[%emt
00:00:09]} Nbd7 {[%clk 00:08:37]} {[%emt 00:00:23]} 12. Ne2 {[%clk 00:08:31]}
{[%emt 00:00:09]} Qc7 {[%clk 00:08:30]} {[%emt 00:00:12]} 13. Ng3 {[%clk
00:08:06]} {[%emt 00:00:30]} Bd6 {[%clk 00:08:11]} {[%emt 00:00:24]} 14. Ne4
{[%clk 00:08:00]} {[%emt 00:00:10]} Nxe4 {[%clk 00:08:13]} {[%emt 00:00:04]} 15.
Qxe4 {[%clk 00:08:03]} {[%emt 00:00:02]} Nf6 {[%clk 00:08:17]} {[%emt
00:00:01]} 16. Qh4 {[%clk 00:07:52]} {[%emt 00:00:16]} Rfd8 {[%clk 00:07:59]}
{[%emt 00:00:23]} 17. c3 {[%clk 00:06:52]} {[%emt 00:01:05]} Nd5 {[%clk
00:07:50]} {[%emt 00:00:14]} 18. Bg5 {[%clk 00:06:28]} {[%emt 00:00:28]} Rd7
{[%clk 00:06:56]} {[%emt 00:01:01]} 19. c4 {[%clk 00:06:13]} {[%emt 00:00:20]}
Nf4 {[%clk 00:06:14]} {[%emt 00:00:46]} 20. c5 {[%clk 00:05:18]} {[%emt
00:01:01]} Ne2+ {[%clk 00:06:16]} {[%emt 00:00:02]} 21. Kh1 {[%clk 00:05:20]}
{[%emt 00:00:03]} Bf4 {[%clk 00:03:14]} {[%emt 00:03:08]} 22. Rfe1 {[%clk
00:04:13]} {[%emt 00:01:11]} Bxg5 {[%clk 00:03:17]} {[%emt 00:00:02]} 23. Qxg5
{[%clk 00:03:50]} {[%emt 00:00:27]} Nf4 {[%clk 00:03:11]} {[%emt 00:00:12]} 24.
Ne5 {[%clk 00:03:51]} {[%emt 00:00:05]} f6 {[%clk 00:02:55]} {[%emt 00:00:21]}
25. Qxf4 {[%clk 00:03:47]} {[%emt 00:00:08]} fxe5 {[%clk 00:02:58]} {[%emt
00:00:02]} 26. Rxe5 {[%clk 00:03:45]} {[%emt 00:00:08]} Rf7 {[%clk 00:02:55]}
{[%emt 00:00:08]} 27. Qe3 {[%clk 00:03:38]} {[%emt 00:00:12]} Raf8 {[%clk
00:02:52]} {[%emt 00:00:08]} 28. Rf1 {[%clk 00:03:28]} {[%emt 00:00:14]} Qa5
{[%clk 00:02:46]} {[%emt 00:00:11]} 29. Rxe6 {[%clk 00:01:20]} {[%emt
00:02:13]} Qxa2 {[%clk 00:02:44]} {[%emt 00:00:07]} 30. Re7 {[%clk 00:00:48]}
{[%emt 00:00:38]} Qc4 {[%clk 00:01:51]} {[%emt 00:00:57]} 31. Kg1 {[%clk
00:00:42]} {[%emt 00:00:11]} Rxe7 {[%clk 00:01:42]} {[%emt 00:00:14]} 32. Qxe7
{[%clk 00:00:44]} {[%emt 00:00:02]} Qxd4 {[%clk 00:01:46]} 33. Qxb7 {[%clk
00:00:16]} {[%emt 00:00:34]} Qxc5 {[%clk 00:01:50]} {[%emt 00:00:02]} 34. Qb3+
{[%clk 00:00:14]} {[%emt 00:00:06]} Kh8 {[%clk 00:01:54]} {[%emt 00:00:01]} 35.
Qd3 {[%clk 00:00:16]} {[%emt 00:00:04]} Qb5 {[%clk 00:01:48]} {[%emt 00:00:10]}
36. Qd6 {[%clk 00:00:08]} {[%emt 00:00:13]} Re8 {[%clk 00:01:29]} {[%emt
00:00:24]} 37. Qd7 {[%clk 00:00:10]} {[%emt 00:00:04]} Rf8 {[%clk 00:01:29]}
{[%emt 00:00:05]} 38. Qxa7 {[%clk 00:00:13]} {[%emt 00:00:01]} Qxb2 {[%clk
00:01:32]} {[%emt 00:00:02]} 39. Qc5 {[%clk 00:00:17]} {[%emt 00:00:02]} Qf6
{[%clk 00:01:34]} {[%emt 00:00:02]} 40. Qb6 {[%clk 00:00:15]} {[%emt 00:00:08]}
h6 {[%clk 00:01:28]} {[%emt 00:00:10]} 41. f3 {[%clk 00:00:13]} {[%emt
00:00:07]} Qe6 {[%clk 00:01:26]} {[%emt 00:00:07]} 42. Rc1 {[%clk 00:00:15]}
{[%emt 00:00:04]} Rc8 {[%clk 00:01:30]} 43. Kh1 {[%clk 00:00:16]} {[%emt
00:00:04]} Qd7 {[%clk 00:01:12]} {[%emt 00:00:22]} 44. Qc5 {[%clk 00:00:18]}
{[%emt 00:00:04]} Qc7 {[%clk 00:00:51]} {[%emt 00:00:26]} 45. Re1 {[%clk
00:00:17]} {[%emt 00:00:04]} Rd8 {[%clk 00:00:53]} {[%emt 00:00:04]} 46. Rc1
{[%clk 00:00:17]} {[%emt 00:00:05]} Rd5 {[%clk 00:00:51]} {[%emt 00:00:07]} 47.
Qf8+ {[%clk 00:00:18]} {[%emt 00:00:05]} Kh7 {[%clk 00:00:55]} 48. Re1 {[%clk
00:00:13]} {[%emt 00:00:10]} Qg3 {[%clk 00:00:49]} {[%emt 00:00:12]} 49. Qe7
{[%clk 00:00:16]} {[%emt 00:00:01]} Qg6 {[%clk 00:00:12]} {[%emt 00:00:42]} 50.
Kg1 {[%clk 00:00:13]} {[%emt 00:00:08]} c5 {[%clk 00:00:13]} {[%emt 00:00:05]}
51. Rc1 {[%clk 00:00:12]} {[%emt 00:00:05]} Qd3 {[%clk 00:00:10]} {[%emt
00:00:08]} 52. Rxc5 {[%clk 00:00:14]} {[%emt 00:00:03]} Qd4+ {[%clk 00:00:14]}
{[%emt 00:00:01]} 53. Kh2 {[%clk 00:00:12]} {[%emt 00:00:08]} Rxc5 {[%emt
00:00:20]} 0-1

[Event "World Youth & Cadets Rapid Championships"]
[Site "Rhodes, Greece"]
[Date "2022.05.01"]
[Round "5.39"]
[White "Hnatyshyn, Anastasiia"]
[Black "Korolchuk, Vladyslava"]
[Result "1-0"]
[TimeControl "10'/game & 5\"/move"]
[WhiteElo "1889"]
[BlackElo "1409"]

1. e4 {[%clk 00:10:08]} {[%emt 00:00:02]} c5 {[%clk 00:10:08]} {[%emt
00:00:02]} 2. Nf3 {[%clk 00:10:11]} {[%emt 00:00:02]} d6 {[%clk 00:10:11]}
{[%emt 00:00:02]} 3. d4 {[%clk 00:10:14]} {[%emt 00:00:01]} cxd4 {[%clk
00:10:14]} {[%emt 00:00:03]} 4. Nxd4 {[%clk 00:10:17]} {[%emt 00:00:01]} Nf6
{[%clk 00:10:16]} {[%emt 00:00:03]} 5. Nc3 {[%clk 00:10:20]} {[%emt 00:00:02]}
a6 {[%clk 00:10:20]} {[%emt 00:00:02]} 6. Bd3 {[%clk 00:10:20]} {[%emt
00:00:05]} e5 {[%clk 00:10:21]} {[%emt 00:00:04]} 7. Nde2 {[%clk 00:10:23]}
{[%emt 00:00:02]} Be7 {[%clk 00:10:20]} {[%emt 00:00:05]} 8. O-O {[%clk
00:10:18]} {[%emt 00:00:10]} O-O {[%clk 00:09:45]} {[%emt 00:00:40]} 9. Bg5
{[%clk 00:10:20]} {[%emt 00:00:03]} Nbd7 {[%clk 00:09:37]} {[%emt 00:00:13]} 10.
Ng3 {[%clk 00:10:19]} {[%emt 00:00:06]} Nc5 {[%clk 00:08:50]} {[%emt 00:00:52]}
11. Bxf6 {[%clk 00:09:48]} {[%emt 00:00:36]} Bxf6 {[%clk 00:08:48]} {[%emt
00:00:07]} 12. Nd5 {[%clk 00:09:51]} {[%emt 00:00:02]} Be6 {[%clk 00:08:43]}
{[%emt 00:00:09]} 13. Bc4 {[%clk 00:09:19]} {[%emt 00:00:38]} b5 {[%clk
00:08:25]} {[%emt 00:00:23]} 14. Bb3 {[%clk 00:09:21]} {[%emt 00:00:03]} Bg5
{[%clk 00:07:46]} {[%emt 00:00:41]} 15. a3 {[%clk 00:07:22]} {[%emt 00:02:07]}
Nxb3 {[%clk 00:06:50]} {[%emt 00:01:02]} 16. cxb3 {[%clk 00:07:25]} {[%emt
00:00:02]} Rc8 {[%clk 00:06:35]} {[%emt 00:00:19]} 17. Qd3 {[%clk 00:07:05]}
{[%emt 00:00:25]} Rc5 {[%clk 00:04:26]} {[%emt 00:02:10]} 18. b4 {[%clk
00:04:57]} {[%emt 00:02:18]} Rc6 {[%clk 00:04:12]} {[%emt 00:00:16]} 19. Rfd1
{[%clk 00:04:51]} {[%emt 00:00:14]} Qd7 {[%clk 00:04:00]} {[%emt 00:00:15]} 20.
Nf5 {[%clk 00:04:27]} {[%emt 00:00:31]} Bxf5 {[%clk 00:03:38]} {[%emt
00:00:26]} 21. exf5 {[%clk 00:04:30]} {[%emt 00:00:03]} Rfc8 {[%clk 00:03:15]}
{[%emt 00:00:25]} 22. Nc3 {[%clk 00:04:14]} {[%emt 00:00:23]} Rd8 {[%clk
00:02:32]} {[%emt 00:00:44]} 23. Qd5 {[%clk 00:03:35]} {[%emt 00:00:48]} Be7
{[%clk 00:01:44]} {[%emt 00:00:51]} 24. g3 {[%clk 00:02:21]} {[%emt 00:01:21]}
Rc4 {[%clk 00:01:29]} {[%emt 00:00:18]} 25. Qf3 {[%clk 00:01:46]} {[%emt
00:00:42]} Qc6 {[%clk 00:01:13]} {[%emt 00:00:20]} 26. Nd5 {[%clk 00:01:26]}
{[%emt 00:00:26]} Bf8 {[%clk 00:00:59]} {[%emt 00:00:18]} 27. f6 {[%clk
00:00:53]} {[%emt 00:00:39]} e4 {[%clk 00:00:29]} {[%emt 00:00:36]} 28. Qf4
{[%clk 00:00:34]} {[%emt 00:00:23]} g6 {[%clk 00:00:25]} {[%emt 00:00:08]} 29.
Ne3 {[%clk 00:00:35]} {[%emt 00:00:04]} Rc2 {[%clk 00:00:14]} {[%emt 00:00:17]}
30. Nxc2 {[%clk 00:00:34]} {[%emt 00:00:07]} Qxc2 {[%clk 00:00:17]} {[%emt
00:00:01]} 31. Qd2 {[%clk 00:00:28]} {[%emt 00:00:11]} Qb3 {[%clk 00:00:10]}
{[%emt 00:00:11]} 32. Rac1 {[%clk 00:00:21]} {[%emt 00:00:14]} Qe6 {[%clk
00:00:09]} {[%emt 00:00:05]} 33. Qd4 {[%clk 00:00:22]} {[%emt 00:00:04]} d5
{[%clk 00:00:07]} {[%emt 00:00:08]} 34. Rc7 {[%clk 00:00:19]} {[%emt 00:00:08]}
Bd6 {[%clk 00:00:09]} {[%emt 00:00:03]} 35. Rc6 {[%clk 00:00:19]} {[%emt
00:00:05]} Be5 {[%clk 00:00:07]} {[%emt 00:00:06]} 36. Qb6 {[%clk 00:00:14]}
{[%emt 00:00:10]} Qh3 {[%clk 00:00:08]} {[%emt 00:00:04]} 37. Qxd8# {[%clk
00:00:17]} {[%emt 00:00:02]} 1-0

[Event "World Youth & Cadets Rapid Championships"]
[Site "Rhodes, Greece"]
[Date "2022.05.01"]
[Round "5.40"]
[White "Maklakova, Naomi"]
[Black "Smietanska, Wiktoria"]
[Result "0-1"]
[TimeControl "10'/game & 5\"/move"]
[WhiteElo "1654"]
[BlackElo "1781"]

1. d4 {[%clk 00:06:45]} {[%emt 00:03:24]} Nf6 {[%clk 00:10:08]} {[%emt
00:00:02]} 2. Nf3 {[%clk 00:06:49]} {[%emt 00:00:02]} g6 {[%clk 00:10:11]}
{[%emt 00:00:02]} 3. Bf4 {[%clk 00:06:51]} {[%emt 00:00:02]} Bg7 {[%clk
00:10:14]} {[%emt 00:00:02]} 4. c3 {[%clk 00:06:55]} {[%emt 00:00:02]} d6
{[%clk 00:10:15]} {[%emt 00:00:04]} 5. e3 {[%clk 00:06:57]} {[%emt 00:00:03]}
O-O {[%clk 00:10:16]} {[%emt 00:00:04]} 6. Bd3 {[%clk 00:07:00]} {[%emt
00:00:01]} Nbd7 {[%clk 00:10:08]} {[%emt 00:00:14]} 7. O-O {[%clk 00:06:59]}
{[%emt 00:00:05]} Re8 {[%clk 00:10:05]} {[%emt 00:00:09]} 8. e4 {[%clk
00:06:53]} {[%emt 00:00:11]} e5 {[%clk 00:09:59]} {[%emt 00:00:11]} 9. Bg5
{[%clk 00:06:39]} {[%emt 00:00:18]} h6 {[%clk 00:09:59]} {[%emt 00:00:05]} 10.
Bxf6 {[%clk 00:06:41]} {[%emt 00:00:04]} Nxf6 {[%clk 00:09:59]} {[%emt
00:00:05]} 11. d5 {[%clk 00:06:43]} {[%emt 00:00:03]} Nd7 {[%clk 00:09:36]}
{[%emt 00:00:28]} 12. Nbd2 {[%clk 00:06:15]} {[%emt 00:00:32]} Rf8 {[%clk
00:09:38]} {[%emt 00:00:03]} 13. Nc4 {[%clk 00:04:07]} {[%emt 00:02:14]} f5
{[%clk 00:09:27]} {[%emt 00:00:16]} 14. Nfd2 {[%clk 00:03:51]} {[%emt
00:00:20]} f4 {[%clk 00:09:16]} {[%emt 00:00:16]} 15. f3 {[%clk 00:03:42]}
{[%emt 00:00:14]} g5 {[%clk 00:09:15]} {[%emt 00:00:07]} 16. b4 {[%clk
00:03:34]} {[%emt 00:00:13]} Nf6 {[%clk 00:09:08]} {[%emt 00:00:11]} 17. Be2
{[%clk 00:03:06]} {[%emt 00:00:33]} Kh7 {[%clk 00:08:41]} {[%emt 00:00:32]} 18.
Nb2 {[%clk 00:03:06]} {[%emt 00:00:06]} Rg8 {[%clk 00:08:40]} {[%emt 00:00:05]}
19. c4 {[%clk 00:02:55]} {[%emt 00:00:17]} Bf8 {[%clk 00:08:37]} {[%emt
00:00:08]} 20. Kh1 {[%clk 00:02:54]} {[%emt 00:00:06]} g4 {[%clk 00:08:38]}
{[%emt 00:00:04]} 21. fxg4 {[%clk 00:02:57]} {[%emt 00:00:01]} Nxg4 {[%clk
00:08:29]} {[%emt 00:00:14]} 22. Bxg4 {[%clk 00:02:40]} {[%emt 00:00:22]} Bxg4
{[%clk 00:08:32]} {[%emt 00:00:03]} 23. Qe1 {[%clk 00:02:42]} {[%emt 00:00:03]}
Qg5 {[%clk 00:08:17]} {[%emt 00:00:20]} 24. Rf2 {[%clk 00:02:35]} {[%emt
00:00:12]} Be7 {[%clk 00:08:03]} {[%emt 00:00:18]} 25. Nd3 {[%clk 00:02:25]}
{[%emt 00:00:16]} Qg6 {[%clk 00:08:03]} {[%emt 00:00:05]} 26. Qg1 {[%clk
00:02:13]} {[%emt 00:00:16]} Bh5 {[%clk 00:07:34]} {[%emt 00:00:34]} 27. c5
{[%clk 00:01:46]} {[%emt 00:00:33]} Bh4 {[%clk 00:05:36]} {[%emt 00:02:03]} 28.
Raf1 {[%clk 00:01:50]} Bxf2 {[%clk 00:05:37]} {[%emt 00:00:03]} 29. Rxf2 {[%clk
00:01:53]} {[%emt 00:00:02]} Rg7 {[%clk 00:05:32]} {[%emt 00:00:10]} 30. Ne1
{[%clk 00:01:32]} {[%emt 00:00:26]} Rag8 {[%clk 00:05:25]} {[%emt 00:00:11]} 31.
Qf1 {[%clk 00:01:27]} {[%emt 00:00:11]} a6 {[%clk 00:05:00]} {[%emt 00:00:30]}
32. a3 {[%clk 00:01:28]} {[%emt 00:00:05]} Qe8 {[%clk 00:04:41]} {[%emt
00:00:23]} 33. Qd3 {[%clk 00:01:19]} {[%emt 00:00:14]} Qd7 {[%clk 00:04:36]}
{[%emt 00:00:11]} 34. Ndf3 {[%clk 00:00:53]} {[%emt 00:00:31]} Bxf3 {[%clk
00:04:22]} {[%emt 00:00:18]} 35. Qxf3 {[%clk 00:00:55]} {[%emt 00:00:03]} Qa4
{[%clk 00:03:47]} {[%emt 00:00:40]} 36. Ra2 {[%clk 00:00:21]} {[%emt 00:00:40]}
Qb5 {[%clk 00:03:39]} {[%emt 00:00:13]} 37. Rc2 {[%clk 00:00:20]} {[%emt
00:00:05]} Qd7 {[%clk 00:03:08]} {[%emt 00:00:37]} 38. Rf2 {[%clk 00:00:23]}
{[%emt 00:00:02]} Qg4 {[%clk 00:03:01]} {[%emt 00:00:11]} 39. Qd3 {[%clk
00:00:22]} {[%emt 00:00:05]} h5 {[%clk 00:03:02]} {[%emt 00:00:06]} 40. Rf3
{[%clk 00:00:20]} {[%emt 00:00:07]} Kh6 {[%clk 00:02:35]} {[%emt 00:00:31]} 41.
Qf1 {[%clk 00:00:17]} {[%emt 00:00:07]} Rg5 {[%clk 00:01:55]} {[%emt 00:00:46]}
42. Qf2 {[%clk 00:00:19]} {[%emt 00:00:04]} Qd7 {[%clk 00:01:41]} {[%emt
00:00:18]} 43. Qf1 {[%clk 00:00:13]} {[%emt 00:00:11]} Qb5 {[%clk 00:01:32]}
{[%emt 00:00:15]} 44. Qxb5 {[%clk 00:00:12]} {[%emt 00:00:06]} axb5 {[%clk
00:01:35]} {[%emt 00:00:01]} 45. Rf2 {[%clk 00:00:12]} {[%emt 00:00:06]} Ra8
{[%clk 00:01:34]} {[%emt 00:00:06]} 46. Nc2 {[%clk 00:00:14]} {[%emt 00:00:03]}
Ra4 {[%clk 00:01:32]} {[%emt 00:00:06]} 47. Kg1 {[%clk 00:00:15]} {[%emt
00:00:05]} dxc5 {[%clk 00:01:33]} {[%emt 00:00:04]} 48. bxc5 {[%clk 00:00:16]}
{[%emt 00:00:03]} Rxe4 {[%clk 00:01:29]} {[%emt 00:00:09]} 49. d6 {[%clk
00:00:20]} {[%emt 00:00:02]} cxd6 {[%clk 00:01:28]} {[%emt 00:00:05]} 50. cxd6
{[%clk 00:00:23]} {[%emt 00:00:02]} Rg7 {[%clk 00:01:30]} {[%emt 00:00:03]} 51.
Rd2 {[%clk 00:00:25]} {[%emt 00:00:03]} Rd7 {[%clk 00:01:34]} {[%emt 00:00:01]}
52. Kf2 {[%clk 00:00:20]} {[%emt 00:00:11]} Kg6 {[%clk 00:01:33]} {[%emt
00:00:05]} 53. Kf3 {[%clk 00:00:20]} {[%emt 00:00:05]} Rc4 {[%clk 00:01:36]}
{[%emt 00:00:02]} 54. Ke2 {[%clk 00:00:19]} {[%emt 00:00:06]} Kf6 {[%clk
00:01:35]} {[%emt 00:00:06]} 55. h3 {[%clk 00:00:20]} {[%emt 00:00:04]} Ke6
{[%clk 00:01:31]} {[%emt 00:00:09]} 56. Rd3 {[%clk 00:00:13]} {[%emt 00:00:12]}
Rxc2+ {[%clk 00:01:27]} {[%emt 00:00:02]} 0-1